Marble League 2024 Teams - Sudden Death - Statistics

General Stats
  • This quiz has been taken 6 times
  • The average score is 7 of 16
Answers on the Grid
Answers color-coded by a green-red scale on the quiz's grid according to % correct below.
Gliding Glaciers
Crazy Cat's Eyes
Bumblebees
Savage Speeders
Balls of Chaos
Snowballs
Green Ducks
Hazers
Chocolatiers
Black Jacks
Team Momo
Raspberry Racers
Solar Flares
Jungle Jumpers
Team Galactic
Wolfpack
Kobalts
Team Plasma
Indigo Stars
Oceanics
Midnight Wisps
Limers
Turtle Sliders
Mellow Yellow
Thunderbolts
Rojo Rollers
Pinkies
Minty Maniacs
O'rangers
Purple Rockets
Team Primary
Shining Swarm
Jawbreakers
Hornets
Golden Orbs
Quicksilvers
 
Answer Stats
Answer % Correct
Autoqualified - 1st in 2023 Crazy Cat's Eyes
60%
3rd in Qualifiers Green Ducks
60%
10th in Qualifiers Jungle Jumpers
60%
Autoqualified - 3rd in 2023 Savage Speeders
60%
7th in Qualifiers Team Momo
60%
1st in Qualifiers Balls of Chaos
40%
6th in Qualifiers Black Jacks
40%
Autoqualified - 2nd in 2023 Bumblebees
40%
Autoqualified - Hosts Gliding Glaciers
40%
4th in Qualifiers Hazers
40%
2nd in Qualifiers Snowballs
40%
9th in Qualifiers Solar Flares
40%
11th in Qualifiers Team Galactic
40%
12th in Qualifiers Wolfpack
40%
5th in Qualifiers Chocolatiers
20%
8th in Qualifiers Raspberry Racers
20%
No matching quizzes found
Score Distribution
Percent of People with Each Score
Percentile by Number Answered
Your Score History
You have not taken this quiz